Dr. Jaime Hernandez : (Record no. 6060)

MARC details
000 -LEADER
fixed length control field 00697nam a22002057a 4500
003 - CONTROL NUMBER IDENTIFIER
control field OSt
005 - DATE AND TIME OF LATEST TRANSACTION
control field 20251124105311.0
008 - FIXED-LENGTH DATA ELEMENTS--GENERAL INFORMATION
fixed length control field 251124b |||||||| |||| 00| 0 eng d
020 ## - INTERNATIONAL STANDARD BOOK NUMBER
International Standard Book Number 978-971-95737-0-8
040 ## - CATALOGING SOURCE
Original cataloging agency DWCL-Main lib
Transcribing agency OC
082 ## - DEWEY DECIMAL CLASSIFICATION NUMBER
Classification number SC. 923.79 B116d 2013
100 ## - MAIN ENTRY--PERSONAL NAME
Personal name Bacares, Randy P.
245 ## - TITLE STATEMENT
Title Dr. Jaime Hernandez :
Remainder of title a biographical sketch/
Statement of responsibility, etc. Randy P. Bacares
260 ## - PUBLICATION, DISTRIBUTION, ETC.
Place of publication, distribution, etc. Naga City :
Name of publisher, distributor, etc. AMS Press,
Date of publication, distribution, etc. c2013.
300 ## - PHYSICAL DESCRIPTION
Extent x, 77 pages :
Other physical details black & white photos ;
Dimensions 23 cm.
500 ## - GENERAL NOTE
General note Includes bibliography
650 ## - SUBJECT ADDED ENTRY--TOPICAL TERM
Topical term or geographic name entry element 1. Biography--Jaime Hernandez, 1892-1986.
650 ## - SUBJECT ADDED ENTRY--TOPICAL TERM
Topical term or geographic name entry element 2. Personal narratives--Jaime Hernandez--Bikolano educator.
942 ## - ADDED ENTRY ELEMENTS (KOHA)
Source of classification or shelving scheme Dewey Decimal Classification
Koha item type Special Collection
Call number prefix SC.
Suppress in OPAC No
952 ## - LOCATION AND ITEM INFORMATION (KOHA)
--
Holdings
Withdrawn status Lost status Source of classification or shelving scheme Damaged status Not for loan Home library Current library Shelving location Date acquired Source of acquisition Total Checkouts Full call number Barcode Date last seen Copy number Price effective from Koha item type Uniform Resource Identifier
    Dewey Decimal Classification     College Library College Library Special Collection 03/14/2014 Donation   SC. 923.79 B116d 2013 CL50567 11/24/2025 c1 11/24/2025 SC